ECAS 7 : (Record no. 5423)

MARC details
000 -LEADER
fixed length control field 00730nam a22002057a 4500
003 - CONTROL NUMBER IDENTIFIER
control field OSt
005 - DATE AND TIME OF LATEST TRANSACTION
control field 20251104030654.0
008 - FIXED-LENGTH DATA ELEMENTS--GENERAL INFORMATION
fixed length control field 251104b |||||||| |||| 00| 0 eng d
020 ## - INTERNATIONAL STANDARD BOOK NUMBER
International Standard Book Number 978-971-06-5924-1
040 ## - CATALOGING SOURCE
Original cataloging agency DWCL - Main Lib
Transcribing agency OC
082 ## - DEWEY DECIMAL CLASSIFICATION NUMBER
Edition number 10th
Classification number Res. 899.211 L313e 2023
100 ## - MAIN ENTRY--PERSONAL NAME
Personal name Lapid, Milagros G.
245 ## - TITLE STATEMENT
Title ECAS 7 :
Remainder of title English Communication Arts and Skills through Philippine Literature /
Statement of responsibility, etc. Milagros G. Lapid and Josephine B. Serrano
250 ## - EDITION STATEMENT
Edition statement 10th
260 ## - PUBLICATION, DISTRIBUTION, ETC.
Place of publication, distribution, etc. Quezon City, Philippines :
Name of publisher, distributor, etc. Phoenix Publishing House,
Date of publication, distribution, etc. c2023.
300 ## - PHYSICAL DESCRIPTION
Extent xvi, 232 pages :
Other physical details illustrations ;
Dimensions 25cm.
650 ## - SUBJECT ADDED ENTRY--TOPICAL TERM
Topical term or geographic name entry element 1. Philippine Literature
700 ## - ADDED ENTRY--PERSONAL NAME
Personal name I. Josephine B. Serrano
942 ## - ADDED ENTRY ELEMENTS (KOHA)
Source of classification or shelving scheme Dewey Decimal Classification
Koha item type Book- Reserved
Edition 10th
Call number suffix Res.
Suppress in OPAC No
952 ## - LOCATION AND ITEM INFORMATION (KOHA)
--
952 ## - LOCATION AND ITEM INFORMATION (KOHA)
--
952 ## - LOCATION AND ITEM INFORMATION (KOHA)
--
Holdings
Withdrawn status Lost status Source of classification or shelving scheme Damaged status Not for loan Home library Current library Shelving location Date acquired Source of acquisition Total Checkouts Full call number Barcode Date last seen Copy number Price effective from Koha item type Uniform Resource Identifier
    Dewey Decimal Classification     Junior High School Library Junior High School Library Reserved 08/14/2023 School Fund   Res. 899.211 L313e 2023 JHS - 21157 11/04/2025 c3 11/04/2025 BK-0 CIRC
    Dewey Decimal Classification     Junior High School Library Junior High School Library Reserved 08/14/2023 School Fund   Res. 899.211 L313e 2023 JHS - 21156 11/04/2025 c2 11/04/2025 BK-0 CIRC
    Dewey Decimal Classification     Junior High School Library Junior High School Library Reserved 08/14/2023 School Fund   Res. 899.211 L313e 2023 JHS - 21155 11/04/2025 c1 11/04/2025 BK-0 CIRC